| 000 | 00559nam a2200205Ia 4500 | ||
|---|---|---|---|
| 001 | 2499 | ||
| 003 | GE_BSU | ||
| 008 | 181216s||||||||xx |||||||||||||| ||und|| | ||
| 040 | _cGE_BSU | ||
| 080 | _a579.2(075.8) | ||
| 100 | _aივანოვა,ო. | ||
| 245 | _aგენეტიკა | ||
| 250 | _aგრუსული გამოც. მე–2 გადამუშ. | ||
| 260 | _aთბილისი | ||
| 260 | _bგანათლება | ||
| 260 | _c1982 | ||
| 300 | _a528გვ. | ||
| 653 | _aგენეტიკა | ||
| 942 | _cBK | ||
| 999 |
_c36580 _d36580 |
||